One word titles (TV shows) - Statistics

General Stats
  • This quiz has been taken 69 times
    60 since last reset
  • The average score is 9 of 25
Answer Stats
Hint Answer % Correct
The most famous nose twitching in television! Bewitched
68%
A bunch of annoying high school kids sing and overreact about everything... Glee
66%
Lot of slow motion running in bathing suits... Baywatch
62%
"Where everybody knows your name!" Cheers
62%
So, did they ever find out who shot J.R.? Dallas
60%
Ugly, naked guy! Friends
47%
He could make a bomb with just a paper clip, a gum and his pocket knife! MacGyver
47%
If he invites you to dinner, DON'T eat any meat! Hannibal
45%
It doesn't take a psychic to solve crimes -not a real one, at least! Psych
43%
Save the annoying blonde that can't die, save the world! Heroes
40%
No Dark Knight there -yet! Gotham
38%
He solves mysteries with deductive reasoning -and the aid of a male doctor. Sherlock
38%
"Bite my shiny, metal ass!" Futurama
34%
He found out that fairy tales are not just tales -and he is not *just* a cop... Grimm
34%
He solves mysteries with deductive reasoning -and the aid of a female doctor. Elementary
30%
4, 8, 15, 16, 23, 42 Lost
28%
He is a writer. And a "ruggedly handsome" man, as well! Castle
26%
That Kansas town sure has a lot of meteor showers... Smallville
26%
"You have failed this city!" Arrow
21%
He had a "dark passenger"... Dexter
17%
Demons, angels, vampires, monsters, witches and a lot of family issues. Supernatural
17%
Cool! Cool, cool, cool! Community
13%
Multiverse and Observers... Fringe
13%
The dead just won't stay dead in Arcadia! Resurrection
4%
Sword of Omens! Thundercats
2%
No matching quizzes found
Score Distribution
Percent of People with Each Score
Percentile by Number Answered
Your Score History
You have not taken this quiz since the last reset